[Event "German Championship"]
[Site "Munich GER"]
[Date "2025.05.19"]
[Round "5"]
[White "De Wagner"]
[Black "Vincent Keymer"]
[Result "1/2-1/2"]
[EventDate "2025.05.15"]
[WhiteElo "2616"]
[BlackElo "2720"]
[PlyCount "64"]

1. d4 Nf6 2. c4 e6 3. Nf3 Nc6 4. g3 Bb4+ 5. Bd2 Qe7 6. a3 Bxd2+ 7. Qxd2 d6 8. Bg2 e5 9. Nc3 Bg4 10. dxe5 dxe5 11. O-O O-O 12. Qe3 Qe6 13. Rad1 Bxf3 14. Bxf3 Qxc4 15. Bxc6 Qxc6 16. Qxe5 Rfe8 17. Qf4 a5 18. Rd4 Qb6 19. Qd2 c6 20. Rd1 h6 21. Kg2 Qb3 22. Rd6 Ne4 23. Nxe4 Rxe4 24. Rd8+ Rxd8 25. Qxd8+ Kh7 26. Qxa5 Rxe2 27. Qf5+ g6 28. Qf6 Qxd1 29. Qxf7+ Kh8 30. Qf8+ Kh7 31. Qf7+ Kh8 32. Qf8+ Kh7 1/2-1/2

[Event "German Championship"]
[Site "Munich GER"]
[Date "2025.05.18"]
[Round "4"]
[White "Vincent Keymer"]
[Black "Leonardo Costa"]
[Result "1-0"]
[EventDate "2025.05.15"]
[WhiteElo "2720"]
[BlackElo "2531"]
[PlyCount "66"]

1. d4 d5 2. Nf3 Nf6 3. e3 e6 4. b3 c5 5. Bb2 Nc6 6. Nbd2 cxd4 7. exd4 Bd6 8. Bd3 O-O 9. O-O b6 10. a3 Bb7 11. Ne5 Ne7 12. Qe2 a5 13. h4 a4 14. b4 Rc8 15. h5 h6 16. Rac1 Rc7 17. Rfe1 Qc8 18. Nf1 Ne4 19. c4 Nf5 20. Rc2 Bxe5 21. dxe5 Ba6 22. b5 Bb7 23. cxd5 Rxc2 24. Qxc2 exd5 25. f3 Neg3 26. Nxg3 Qxc2 27. Bxc2 Nxg3 28. e6 fxe6 29. Rxe6 Nxh5 30. Rxb6 Ba8 31. Ra6 Nf4 32. Rxa4 g5 33. Ra7 1-0

[Event "German Championship"]
[Site "Munich GER"]
[Date "2025.05.17"]
[Round "3"]
[White "Mart Kraemer"]
[Black "Vincent Keymer"]
[Result "0-1"]
[EventDate "2025.05.15"]
[WhiteElo "2581"]
[BlackElo "2720"]
[PlyCount "70"]

1. e4 c6 2. d4 d5 3. e5 Bf5 4. Nf3 e6 5. Be2 Nd7 6. O-O a5 7. Nc3 a4 8. Bd2 a3 9. b3 h6 10. Rc1 Ne7 11. h3 Bh7 12. Bd3 Bxd3 13. cxd3 Qb6 14. Be3 Ng6 15. Nh2 Be7 16. f4 Nh4 17. Nf3 Nxf3+ 18. Qxf3 g6 19. Rc2 h5 20. g3 Nb8 21. g4 Na6 22. f5 hxg4 23. hxg4 Kd7 24. f6 Bb4 25. Na4 Qb5 26. Bc1 Qa5 27. Kg2 Rh7 28. Be3 Rah8 29. Bg1 Qd8 30. Nc5+ Bxc5 31. dxc5 Nb4 32. Re2 Qf8 33. d4 Qh6 34. Qc3 Qg5 35. Kf2 Rh3 0-1

[Event "German Championship"]
[Site "Munich GER"]
[Date "2025.05.16"]
[Round "2"]
[White "Vincent Keymer"]
[Black "Frederik Svane"]
[Result "1-0"]
[EventDate "2025.05.15"]
[WhiteElo "2720"]
[BlackElo "2671"]
[PlyCount "90"]

1. Nf3 Nf6 2. g3 d5 3. Bg2 e6 4. O-O Be7 5. d3 O-O 6. a4 Nc6 7. Nbd2 e5 8. e4 dxe4 9. dxe4 Bc5 10. a5 Qe7 11. c3 Rd8 12. Qe2 a6 13. Nc4 Ne8 14. Be3 Bxe3 15. Nxe3 Be6 16. Nd2 Nf6 17. b4 Qd7 18. Ndc4 Qd3 19. Qxd3 Rxd3 20. Rfc1 Re8 21. Rab1 Bxc4 22. Nxc4 Na7 23. Bf1 Rdd8 24. f3 Nb5 25. Rb2 g6 26. Kf2 Kg7 27. Nd2 Nd7 28. Bxb5 axb5 29. c4 bxc4 30. Nxc4 Nf8 31. b5 Ra8 32. Rd2 Re7 33. Rd5 f6 34. Ra1 Ra7 35. Rd8 Ne6 36. Rc8 Kf7 37. Rb1 Re8 38. b6 Rxa5 39. Rxc7+ Nxc7 40. Nxa5 Ne6 41. Nxb7 Ke7 42. Na5 Nd4 43. Rc1 Kd6 44. Rc7 Ne6 45. Nc4# 1-0

[Event "German Championship"]
[Site "Munich GER"]
[Date "2025.05.15"]
[Round "1"]
[White "Marco Dobrikov"]
[Black "Vincent Keymer"]
[Result "0-1"]
[EventDate "2025.05.15"]
[WhiteElo "2404"]
[BlackElo "2720"]
[PlyCount "98"]

1. d4 Nf6 2. c4 e6 3. Nf3 b6 4. g3 Bb7 5. Bg2 Be7 6. O-O O-O 7. Nc3 Ne4 8. Re1 Nxc3 9. bxc3 d6 10. e4 Nc6 11. d5 Na5 12. dxe6 fxe6 13. Nd4 Rf6 14. e5 dxe5 15. Bxb7 Nxb7 16. Nc6 Qxd1 17. Nxe7+ Kf7 18. Rxd1 Kxe7 19. Bg5 Nd6 20. c5 bxc5 21. Rab1 Kd7 22. Bxf6 gxf6 23. Kf1 Kc6 24. Ke2 a5 25. Rb2 a4 26. f3 Nc4 27. Rbb1 h5 28. Kf2 a3 29. Ke2 f5 30. Re1 Rd8 31. Red1 Rg8 32. Re1 h4 33. Kf2 Nb2 34. Rg1 hxg3+ 35. hxg3 Kb5 36. g4 Kc4 37. g5 Kxc3 38. Ke2 c4 39. Rbc1+ Kd4 40. Kd2 Nd3 41. Rb1 c5 42. g6 Nb4 43. Rbd1 c3+ 44. Kc1+ Kc4 45. Rg2 c2 46. Rdd2 Kc3 47. Rxc2+ Nxc2 48. Rxc2+ Kd4 49. Rg2 Ke3 0-1

[Event "Bundesliga 2024/25"]
[Site "Deggendorf GER"]
[Date "2025.04.27"]
[Round "15.2"]
[White "Vincent Keymer"]
[Black "David Navara"]
[Result "1-0"]
[EventDate "2024.09.28"]
[WhiteElo "2718"]
[BlackElo "2665"]
[PlyCount "80"]

1. Nf3 d5 2. b3 Bg4 3. e3 e6 4. Bb2 Nf6 5. h3 Bh5 6. d3 c5 7. g4 Bg6 8. Ne5 Nc6 9. Nxc6 bxc6 10. Nd2 a5 11. a4 Rb8 12. Bg2 c4 13. dxc4 Bb4 14. O-O O-O 15. Rc1 h5 16. g5 Bxd2 17. Qxd2 Ne4 18. Bxe4 Bxe4 19. f3 Bf5 20. Kh2 dxc4 21. Qc3 f6 22. gxf6 Qxf6 23. Rg1 Kh7 24. Rg2 cxb3 25. cxb3 Qxc3 26. Rxc3 Rf7 27. e4 Bg6 28. h4 Rfb7 29. Rxc6 Rxb3 30. Rxe6 Rxb2 31. Rxg6 Rxg2+ 32. Rxg2 Rb3 33. Rg5 Rxf3 34. Rxh5+ Kg6 35. Rxa5 Re3 36. h5+ Kf6 37. Rf5+ Ke6 38. Rf8 Ra3 39. Ra8 Ke5 40. a5 1-0

[Event "Bundesliga 2024/25"]
[Site "Deggendorf GER"]
[Date "2025.04.26"]
[Round "14.1"]
[White "Ivan Saric"]
[Black "Vincent Keymer"]
[Result "1/2-1/2"]
[EventDate "2024.09.28"]
[WhiteElo "2673"]
[BlackElo "2730"]
[PlyCount "102"]
[WhiteTeam "SK Kirchweyhe"]
[BlackTeam "OSG Baden-Baden"]

1. e4 e5 2. Nf3 Nc6 3. Bb5 a6 4. Ba4 Nf6 5. O-O Be7 6. Re1 b5 7. Bb3 O-O 8. c3 d5 9. exd5 Nxd5 10. Nxe5 Nxe5 11. Rxe5 c6 12. Re1 Bd6 13. d3 Bf5 14. Qf3 Qh4 15. g3 Qh3 16. Be3 Bxd3 17. Nd2 Bf5 18. Bxd5 cxd5 19. Qxd5 Rad8 20. Qg2 Qh5 21. Bd4 Be6 22. Qf3 Qg6 23. Qc6 Qc2 24. Ne4 Be7 25. Qxa6 Qxb2 26. Rab1 Qxa2 27. Qxa2 Bxa2 28. Rxb5 Bd5 29. Bb6 Rd7 30. Rd1 Bc6 31. Rxd7 Bxd7 32. Re5 Re8 33. Bc5 Bd8 34. Rxe8+ Bxe8 35. f3 f5 36. Nd2 g5 37. Kf2 Kf7 38. Be3 Ke6 39. Ke2 Ba4 40. Kd3 Bd1 41. f4 g4 42. Kc4 Kd6 43. Kb5 Bf6 44. c4 Bc3 45. c5+ Kc7 46. c6 Bxd2 47. Bxd2 Bf3 48. Ba5+ Kd6 49. c7 Kd7 50. Kc5 Bb7 51. Kd4 Kd6 1/2-1/2

[Event "Bundesliga 2024/25"]
[Site "Deggendorf GER"]
[Date "2025.04.25"]
[Round "13.4"]
[White "Dmitrij Kollars"]
[Black "Vincent Keymer"]
[Result "1/2-1/2"]
[EventDate "2024.09.28"]
[WhiteElo "2659"]
[BlackElo "2730"]
[PlyCount "72"]
[WhiteTeam "Schachfreunde Deizisau"]
[BlackTeam "OSG Baden-Baden"]

1. e4 c5 2. Nf3 d6 3. d4 cxd4 4. Nxd4 Nf6 5. Nc3 a6 6. Be2 e5 7. Nf3 Be7 8. Bg5 Be6 9. Bxf6 Bxf6 10. Qd2 Be7 11. Nd5 Nd7 12. Nxe7 Kxe7 13. Ng5 Qb6 14. Nxe6 fxe6 15. O-O-O h6 16. g3 Nc5 17. Qe3 Qb4 18. f3 Rac8 19. Kb1 Na4 20. Qb3 a5 21. Qxb4 axb4 22. Rd3 Rc6 23. Rb3 Rb6 24. f4 Nc5 25. Re3 Rf8 26. Rf1 exf4 27. gxf4 g5 28. fxg5 Rxf1+ 29. Bxf1 hxg5 30. e5 Nd7 31. exd6+ Rxd6 32. Kc1 Rd4 33. c3 Rf4 34. Bg2 bxc3 35. Rxc3 b6 36. Kd1 Nc5 1/2-1/2

[Event "Bundesliga 2024/25"]
[Site "Heimbach-Weis GER"]
[Date "2025.03.23"]
[Round "12.8"]
[White "Velimir Ivic"]
[Black "Vincent Keymer"]
[Result "1/2-1/2"]
[EventDate "2024.09.28"]
[WhiteElo "2599"]
[BlackElo "2730"]
[PlyCount "72"]
[WhiteTeam "SV Werder Bremen"]
[BlackTeam "OSG Baden-Baden"]

1. e4 e5 2. Nf3 Nc6 3. Bb5 a6 4. Ba4 Nf6 5. O-O Be7 6. d3 b5 7. Bb3 d6 8. a3 O-O 9. Nc3 h6 10. h3 Be6 11. Nd5 Re8 12. Be3 Bf8 13. Rc1 Rc8 14. Re1 Nd7 15. Ba2 Ne7 16. c4 Ng6 17. d4 Nf6 18. cxb5 Bxd5 19. exd5 axb5 20. dxe5 dxe5 21. Qb3 Qd7 22. Rcd1 b4 23. axb4 Rb8 24. Qc2 e4 25. Nd4 Bxb4 26. Rf1 Bd6 27. Bb3 Ra8 28. Bc4 Nh4 29. Qe2 Rab8 30. Kh1 Nf5 31. Nc6 Rb7 32. b3 Nh4 33. Nd4 Qe7 34. Nc6 Qd7 35. Nd4 Qe7 36. Nc6 1/2-1/2

[Event "Bundesliga 2024/25"]
[Site "Hamburg GER"]
[Date "2025.03.22"]
[Round "11.1"]
[White "Vincent Keymer"]
[Black "David W L Howell"]
[Result "1-0"]
[EventDate "2024.09.28"]
[WhiteElo "2719"]
[BlackElo "2668"]
[PlyCount "76"]

1. d4 Nf6 2. c4 e6 3. Nf3 d5 4. Nc3 Be7 5. cxd5 exd5 6. Bf4 c6 7. e3 Bf5 8. Nh4 Bg6 9. Nxg6 hxg6 10. Qb3 Qb6 11. Qc2 Nbd7 12. O-O-O Nf8 13. h4 Ne6 14. Be5 Ng4 15. Bg3 Bb4 16. a3 Bxc3 17. Qxc3 Nf6 18. f3 Rc8 19. Kb1 O-O 20. Qb4 Rfe8 21. Bd3 c5 22. dxc5 Nxc5 23. Qxb6 axb6 24. Bf2 Nxd3 25. Rxd3 Re6 26. Rhd1 Kf8 27. Rb3 Ke8 28. g4 Rd8 29. Rb5 Rc8 30. g5 Nd7 31. Rdxd5 f6 32. e4 Ne5 33. Rb3 Rec6 34. Ka2 Rc1 35. gxf6 gxf6 36. Rxb6 R8c2 37. Bd4 Nc4 38. Rxb7 1-0

[Event "Bundesliga 2024/25"]
[Site "Deizisau GER"]
[Date "2025.02.22"]
[Round "9.4"]
[White "Frederik Svane"]
[Black "Vincent Keymer"]
[Result "1-0"]
[EventDate "2024.09.28"]
[WhiteElo "2640"]
[BlackElo "2730"]
[PlyCount "76"]
[WhiteTeam "Hamburger SK"]
[BlackTeam "OSG Baden-Baden"]

1. e4 e5 2. Nf3 Nc6 3. Bc4 Nf6 4. d3 Bc5 5. Bg5 h6 6. Bh4 d6 7. c3 a5 8. Nbd2 Ba7 9. a3 Qe7 10. O-O Bd7 11. b4 g5 12. Bg3 O-O-O 13. Rb1 h5 14. b5 Nb8 15. h4 gxh4 16. b6 Bxb6 17. Bxh4 Bg4 18. Rb5 Rdg8 19. g3 Nbd7 20. Qb3 Nc5 21. Qb2 Rh6 22. Rb1 Ncd7 23. Rxa5 Kb8 24. Rb5 Nc5 25. a4 d5 26. a5 Bd7 27. axb6 Bxb5 28. Bxb5 dxe4 29. Nxe4 Ncxe4 30. dxe4 Qc5 31. bxc7+ Qxc7 32. Ba6 Nxe4 33. Bxb7 Nxc3 34. Bc6+ Kc8 35. Nxe5 Rxc6 36. Nxc6 Qxc6 37. Qb8+ Kd7 38. Qxg8 1-0

[Event "Tata Steel Masters"]
[Site "Wijk aan Zee NED"]
[Date "2025.02.01"]
[Round "12"]
[White "P Harikrishna"]
[Black "Vincent Keymer"]
[Result "1/2-1/2"]
[EventDate "2025.01.18"]
[WhiteElo "2695"]
[BlackElo "2733"]
[PlyCount "64"]

1. d4 Nf6 2. c4 e6 3. g3 Bb4+ 4. Nd2 O-O 5. Bg2 a5 6. Nf3 d6 7. O-O a4 8. Qc2 Nc6 9. Ne4 Nxe4 10. Qxe4 Qe7 11. a3 Ba5 12. Qc2 Bd7 13. d5 exd5 14. cxd5 Ne5 15. Bd2 Nxf3+ 16. Bxf3 Rfc8 17. Rac1 Ra6 18. Rfd1 Qf6 19. Bc3 Bxc3 20. Qxc3 Qxc3 21. Rxc3 Rb6 22. Rd2 Kf8 23. e4 Ke7 24. Bd1 Ra6 25. h3 f6 26. Rd4 Rb6 27. Rd2 Kd8 28. Kg2 Ra8 29. Be2 Ra5 30. f4 Bb5 31. Bg4 Be8 32. Be2 Bb5 1/2-1/2

[Event "Bundesliga 2024/25"]
[Site "Baden Baden GER"]
[Date "2025.01.12"]
[Round "6.5"]
[White "Vincent Keymer"]
[Black "Lorenzo Lodici"]
[Result "1/2-1/2"]
[EventDate "2024.09.28"]
[WhiteElo "2730"]
[BlackElo "2556"]
[PlyCount "124"]
[WhiteTeam "OSG Baden-Baden"]
[BlackTeam "SC Heimbach-Weis-Neuwied"]

1. Nf3 d5 2. g3 Bg4 3. Bg2 c6 4. h3 Bh5 5. d4 Nd7 6. c4 e6 7. cxd5 exd5 8. Nc3 Ngf6 9. Ne5 Nxe5 10. dxe5 Nd7 11. O-O Be7 12. f4 f5 13. Be3 Bc5 14. Bf2 Rc8 15. Na4 Bxf2+ 16. Rxf2 b5 17. Nc3 Nc5 18. Qd4 Qb6 19. Rc1 O-O 20. e3 Ne6 21. Qxb6 axb6 22. Rfc2 Rcd8 23. Kf2 Nc5 24. Rd2 b4 25. Ne2 Bxe2 26. Kxe2 Ra8 27. Rd4 Ra4 28. g4 g6 29. gxf5 gxf5 30. h4 Kf7 31. Bh3 Ke6 32. Rc2 Rfa8 33. Kf3 R8a6 34. Bf1 Ra7 35. Bh3 Rg7 36. b3 Ra8 37. Rxb4 Ne4 38. Ke2 Rg3 39. Bf1 d4 40. exd4 Rg1 41. Rxc6+ Kd5 42. Rc2 Ng3+ 43. Kd3 Rxf1 44. Rb5+ Ke6 45. Rxb6+ Kf7 46. Rc7+ Kg8 47. Rbb7 Nh5 48. Rxh7 Nxf4+ 49. Kc4 Rc1+ 50. Kb4 Nd5+ 51. Kb5 Nc3+ 52. Kb6 Nd5+ 53. Kb5 Nc3+ 54. Kc6 Ne2+ 55. Kb6 Nxd4 56. Rbg7+ Kf8 57. Rd7 Rb8+ 58. Ka6 Kg8 59. Rhg7+ Kh8 60. Rh7+ Kg8 61. Rdg7+ Kf8 62. Rf7+ 1/2-1/2

[Event "Bundesliga 2024/25"]
[Site "Baden Baden GER"]
[Date "2025.01.11"]
[Round "5.5"]
[White "Shakhriyar Mamedyarov"]
[Black "Vincent Keymer"]
[Result "1/2-1/2"]
[EventDate "2024.09.28"]
[WhiteElo "2733"]
[BlackElo "2730"]
[PlyCount "56"]
[WhiteTeam "SC Viernheim"]
[BlackTeam "OSG Baden-Baden"]

1. c4 e5 2. Nc3 Bb4 3. Nd5 Be7 4. d4 exd4 5. Qxd4 Nf6 6. Nxe7 Qxe7 7. Bg5 Nc6 8. Qc3 d6 9. Nf3 Ne5 10. e3 h6 11. Bh4 Bf5 12. Be2 g5 13. Nxe5 Qxe5 14. Qxe5+ dxe5 15. Bg3 Nd7 16. f4 O-O-O 17. fxe5 Rhe8 18. O-O Bg6 19. h4 Nxe5 20. h5 Bd3 21. Bxd3 Rxd3 22. Bxe5 Rxe5 23. Rf6 Rexe3 24. Rxh6 Rd2 25. Rf1 Ree2 26. Rxf7 Rxg2+ 27. Kf1 Rh2 28. Kg1 1/2-1/2

[Event "CCT Final RR 2024"]
[Site "Oslo NOR"]
[Date "2024.12.18"]
[Round "4.1"]
[White "Wesley So"]
[Black "Vincent Keymer"]
[Result "1-0"]
[EventDate "2024.12.17"]
[WhiteElo "2747"]
[BlackElo "2733"]
[PlyCount "82"]

1. d4 Nf6 2. c4 e6 3. g3 Bb4+ 4. Nd2 d5 5. Bg2 a5 6. Nf3 dxc4 7. a3 Bxd2+ 8. Bxd2 a4 9. O-O b5 10. Ne5 Ra6 11. Bb4 Nd5 12. Bc5 Bb7 13. e4 Ne7 14. Qd2 O-O 15. Qb4 Re8 16. Qxb5 Qc8 17. Qxc4 Nd7 18. Nxd7 Qxd7 19. Rac1 h6 20. Rfd1 Nc8 21. Qd3 Ra8 22. h4 Nd6 23. Bb4 Rac8 24. Rc5 Red8 25. Rd2 Kh8 26. Kh2 Rb8 27. d5 exd5 28. exd5 Re8 29. Rdc2 Rbc8 30. Ba5 Qg4 31. Rxc7 Rxc7 32. Bxc7 Qd7 33. Bxd6 Qxd6 34. Qb5 Re7 35. Qxa4 g5 36. Qb4 Qxb4 37. axb4 gxh4 38. d6 hxg3+ 39. fxg3 Rd7 40. Bxb7 Rxb7 41. Rc7 1-0

[Event "Tata Steel India Rapid"]
[Site "Kolkata IND"]
[Date "2024.11.15"]
[Round "7"]
[White "Magnus Carlsen"]
[Black "Vincent Keymer"]
[Result "1-0"]
[EventDate "2024.11.13"]
[WhiteElo "2831"]
[BlackElo "2733"]
[PlyCount "112"]

1. d4 Nf6 2. c4 e6 3. Nf3 d5 4. Nc3 c6 5. Bg5 Nbd7 6. e3 Qa5 7. cxd5 Nxd5 8. Rc1 Nxc3 9. bxc3 Ba3 10. Rc2 c5 11. Bd3 cxd4 12. exd4 b6 13. Be4 Rb8 14. Bf4 Bb7 15. Qe2 Ba6 16. Bd3 Bxd3 17. Qxd3 Rc8 18. O-O O-O 19. c4 Be7 20. h4 Rfd8 21. Rb1 Qh5 22. Rb5 Qg6 23. Qe2 h6 24. a4 Qg4 25. g3 a6 26. Rbb2 Bxh4 27. a5 bxa5 28. c5 Bg5 29. c6 Bxf4 30. cxd7 Rxc2 31. Rxc2 Bxg3 32. fxg3 Qxg3+ 33. Kf1 Rxd7 34. Rc8+ Kh7 35. Qe4+ Qg6 36. Qxg6+ fxg6 37. Ke2 g5 38. Ke3 Rd6 39. Ne5 a4 40. Ke4 a5 41. Rc4 Ra6 42. Rxa4 Kg8 43. Nd3 Kf7 44. Nc5 Ra8 45. Ke5 g4 46. Nxe6 h5 47. d5 g3 48. Ra1 h4 49. d6 g2 50. Ng5+ Kf8 51. Rg1 h3 52. Nxh3 a4 53. Rxg2 a3 54. Rf2+ Ke8 55. Ke6 Ra6 56. Ng5 1-0

[Event "Tata Steel India Rapid"]
[Site "Kolkata IND"]
[Date "2024.11.15"]
[Round "8"]
[White "Vincent Keymer"]
[Black "Santosh Gujrathi Vidit"]
[Result "1-0"]
[EventDate "2024.11.13"]
[WhiteElo "2733"]
[BlackElo "2739"]
[PlyCount "54"]

1. c4 Nf6 2. Nf3 e6 3. b3 d5 4. Bb2 Bd6 5. g3 O-O 6. Bg2 b6 7. cxd5 exd5 8. O-O Bb7 9. Nc3 a6 10. e3 Nbd7 11. Rc1 Nc5 12. d3 Ne6 13. Ne2 c5 14. d4 Rc8 15. Nh4 Re8 16. dxc5 Bxc5 17. Nf5 Ne4 18. Nf4 Nxf4 19. gxf4 Re6 20. Bxg7 d4 21. Bxd4 Rg6 22. Bxc5 Nd2 23. Ng3 Bxg2 24. Be7 Qd5 25. Rxc8+ Kg7 26. Qxd2 Qxd2 27. Nf5# 1-0

[Event "Tata Steel India Rapid"]
[Site "Kolkata IND"]
[Date "2024.11.14"]
[Round "4"]
[White "Vincent Keymer"]
[Black "Rameshbabu Praggnanandhaa"]
[Result "1/2-1/2"]
[EventDate "2024.11.13"]
[WhiteElo "2733"]
[BlackElo "2737"]
[PlyCount "104"]

1. c4 Nf6 2. Nf3 e6 3. Nc3 d5 4. e3 Bd6 5. b3 O-O 6. Bb2 Nc6 7. a3 d4 8. Nxd4 Nxd4 9. exd4 Re8 10. Qc2 e5 11. d5 c6 12. dxc6 bxc6 13. Be2 e4 14. Nd1 Bg4 15. Ne3 Bxe2 16. Kxe2 Nd7 17. Bxg7 Kxg7 18. Nf5+ Kf8 19. Nxd6 Re6 20. Nf5 Qg5 21. Ne3 f5 22. h4 Qh5+ 23. g4 fxg4 24. Rag1 Nf6 25. Rg3 Rd8 26. Qc3 Rd3 27. Qb4+ Kf7 28. Qb8 Red6 29. Rd1 Qa5 30. b4 Qxa3 31. Nf5 Rd7 32. Qe5 Rf3 33. Nh6+ Kf8 34. Qxf6+ Rxf6 35. Rxa3 Rxh6 36. Rda1 Rxh4 37. Rxa7 Ke7 38. Ke3 h5 39. c5 Rh2 40. Rxd7+ Kxd7 41. Ra7+ Ke6 42. Rc7 Kd5 43. Rd7+ Kc4 44. Rd4+ Kb5 45. Rxe4 Rh3+ 46. Ke2 Rb3 47. Re8 Rxb4 48. Ke3 h4 49. Rh8 h3 50. f3 gxf3 51. Rxh3 Kxc5 52. Rh5+ 1/2-1/2

[Event "Tata Steel India Rapid"]
[Site "Kolkata IND"]
[Date "2024.11.14"]
[Round "6"]
[White "Vincent Keymer"]
[Black "Sarin Nihal"]
[Result "1-0"]
[EventDate "2024.11.13"]
[WhiteElo "2733"]
[BlackElo "2676"]
[PlyCount "124"]

1. c4 b6 2. Nc3 Bb7 3. d4 e6 4. a3 Nf6 5. Bf4 g6 6. Qc2 Bg7 7. e4 O-O 8. Nf3 d6 9. Be2 Nc6 10. Rd1 Qe8 11. d5 Nd8 12. O-O Nh5 13. Bc1 Kh8 14. b4 f5 15. exf5 gxf5 16. Nb5 Rf7 17. Ng5 Re7 18. Nd4 Qg6 19. Rfe1 Bxd4 20. Bxh5 Qxh5 21. Rxd4 e5 22. Qxf5 Kg8 23. Rg4 Rg7 24. Qf3 Ne6 25. Ne4 Kh8 26. Rxg7 Qxf3 27. gxf3 Nxg7 28. f4 exf4 29. Bb2 Kg8 30. Nf6+ Kf7 31. Nxh7 Rg8 32. Nf6 Rh8 33. Re4 Rh4 34. f3 Bc8 35. Ng4 Nh5 36. Nh6+ Kf8 37. Bc3 Bd7 38. b5 Bc8 39. a4 Bd7 40. Kg2 Bh3+ 41. Kf2 Bc8 42. Kg1 Bd7 43. Re2 Ng3 44. hxg3 Rxh6 45. Bd2 Bf5 46. Bxf4 Rh7 47. Rd2 Bb1 48. g4 Kf7 49. Kg2 Kf6 50. Be3 Re7 51. Kf2 Re8 52. Bd4+ Kf7 53. Kg3 a6 54. f4 axb5 55. axb5 Rg8 56. Kf3 Ra8 57. f5 Ra4 58. Kf4 Rxc4 59. g5 Rc1 60. g6+ Kg8 61. Rh2 Rf1+ 62. Ke3 1-0

[Event "Tata Steel India Rapid"]
[Site "Kolkata IND"]
[Date "2024.11.13"]
[Round "2"]
[White "Vincent Keymer"]
[Black "Nodirbek Abdusattorov"]
[Result "0-1"]
[EventDate "2024.11.13"]
[WhiteElo "2733"]
[BlackElo "2777"]
[PlyCount "122"]

1. g3 Nf6 2. Bg2 d5 3. Nf3 e6 4. O-O c5 5. c4 Be7 6. cxd5 exd5 7. d4 O-O 8. dxc5 Bxc5 9. a3 h6 10. b4 Be7 11. Nc3 Nc6 12. Bb2 Bg4 13. Rc1 Re8 14. h3 Be6 15. Na4 Ne4 16. Nd2 Bg5 17. Nxe4 dxe4 18. Qxd8 Raxd8 19. e3 f5 20. Nc5 Bc8 21. h4 Be7 22. Rfe1 Bd6 23. Bf1 Be5 24. Bc4+ Kf8 25. Re2 Bxb2 26. Rxb2 Ne5 27. Be2 g5 28. Rbc2 gxh4 29. Bh5 Re7 30. Nxe4 Bd7 31. Nc5 Bc6 32. gxh4 Rg7+ 33. Kh2 Ke7 34. Rg1 Rxg1 35. Kxg1 Bd5 36. Be2 b6 37. Nd3 Rg8+ 38. Kf1 Bg2+ 39. Ke1 Be4 40. Rc3 Rg1+ 41. Kd2 Bxd3 42. Bxd3 Rg2 43. Ke1 Kf6 44. Be2 Rh2 45. f4 Ng4 46. e4 Rxh4 47. Rc6+ Ke7 48. exf5 Nf6 49. Re6+ Kf7 50. Bc4 Kg7 51. Re7+ Kh8 52. Rxa7 Rxf4 53. Be6 h5 54. Rf7 Ng4 55. Rf8+ Kh7 56. Rf7+ Kh6 57. Rb7 h4 58. Rxb6 h3 59. Rb8 h2 60. Rh8+ Kg5 61. Kd2 Nh6 0-1

[Event "Tata Steel India Rapid"]
[Site "Kolkata IND"]
[Date "2024.11.13"]
[Round "1"]
[White "SL Narayanan"]
[Black "Vincent Keymer"]
[Result "1-0"]
[EventDate "2024.11.13"]
[WhiteElo "2647"]
[BlackElo "2733"]
[PlyCount "168"]

1. e4 e5 2. Nf3 Nc6 3. Bb5 a6 4. Ba4 Nf6 5. O-O Be7 6. Re1 b5 7. Bb3 O-O 8. a4 b4 9. d3 d6 10. Nbd2 Na5 11. Ba2 c5 12. Nc4 Nc6 13. h3 h6 14. c3 Be6 15. Ne3 Bxa2 16. Rxa2 d5 17. Nf5 Re8 18. Bd2 Bf8 19. Ra1 bxc3 20. Bxc3 Qd7 21. b3 Rab8 22. Ng3 d4 23. Bd2 Qe6 24. Rb1 Rb7 25. Ne2 Reb8 26. Nc1 Be7 27. Qc2 Nd7 28. Rf1 Bd8 29. Be1 g6 30. Ra1 Kg7 31. Bd2 f5 32. a5 f4 33. Qc4 Qxc4 34. dxc4 g5 35. g4 Nf6 36. Re1 Bc7 37. Kg2 Kg6 38. Nh2 h5 39. gxh5+ Kxh5 40. f3 Kg6 41. Ng4 Nxg4 42. hxg4 d3 43. Bc3 Nd4 44. Ra2 Nc2 45. Rh1 Ne3+ 46. Kf2 Rxb3 47. Nxb3 Rxb3 48. Bd2 Nxc4 49. Rc1 Nxd2 50. Rxc5 Bd6 51. Rc6 Nc4 52. Rxc4 Bb4 53. Rc6+ Kf7 54. Ra1 d2 55. Rh1 Bxa5 56. Rh7+ Kg8 57. Rd7 Rb8 58. Ke2 Bb4 59. Rxa6 Rc8 60. Rb6 Bc3 61. Rbd6 Rc4 62. Ra6 Rc8 63. Rb7 Rd8 64. Kd1 Kh8 65. Rc6 Ba1 66. Rc2 Bd4 67. Rxd2 Ra8 68. Rc2 Kg8 69. Ke2 Kf8 70. Kd3 Ra3+ 71. Kc4 Rxf3 72. Kd5 Rc3 73. Rxc3 Bxc3 74. Ke6 Bd4 75. Rb3 Kg7 76. Kf5 Kf7 77. Kxg5 Ke6 78. Kh5 Be3 79. g5 Bc5 80. g6 Kf6 81. Kh6 Bf8+ 82. Kh7 Kg5 83. Rb8 Bh6 84. Rb7 1-0

[Event "Tata Steel India Rapid"]
[Site "Kolkata IND"]
[Date "2024.11.13"]
[Round "3"]
[White "Wesley So"]
[Black "Vincent Keymer"]
[Result "1/2-1/2"]
[EventDate "2024.11.13"]
[WhiteElo "2747"]
[BlackElo "2733"]
[PlyCount "130"]

1. d4 Nf6 2. c4 e6 3. Nc3 Bb4 4. f3 d5 5. a3 Bd6 6. e4 dxe4 7. fxe4 e5 8. d5 O-O 9. Nf3 Bg4 10. h3 Bh5 11. Bd3 Bc5 12. g4 Bg6 13. Qe2 Nbd7 14. Be3 Bxe3 15. Qxe3 c6 16. O-O-O Qb6 17. Qxb6 axb6 18. Kd2 Rfd8 19. Ke3 Kf8 20. Be2 h6 21. dxc6 bxc6 22. Rd6 Rdc8 23. Rhd1 Rc7 24. Nh4 Nc5 25. Rd8+ Rxd8 26. Rxd8+ Ke7 27. Rb8 Nfd7 28. Rg8 Ne6 29. Nf5+ Bxf5 30. exf5 Nf6 31. Rb8 Nd7 32. Rg8 Nf6 33. Rb8 Nd7 34. Ra8 Nd4 35. Bd3 h5 36. g5 Nc5 37. Be4 f6 38. h4 Nxe4 39. Kxe4 Nb3 40. Ke3 Na5 41. c5 Nc4+ 42. Kd3 Nxb2+ 43. Ke2 bxc5 44. Ne4 c4 45. gxf6+ gxf6 46. Rh8 Nd3 47. Kd2 Nf4 48. Kc3 Rd7 49. Rh7+ Kd8 50. Rxd7+ Kxd7 51. Nxf6+ Ke7 52. Ne4 Nd5+ 53. Kxc4 Ne3+ 54. Kc5 Nxf5 55. Kxc6 Nxh4 56. a4 Nf5 57. a5 Kd8 58. Kb7 Nd4 59. a6 Nb5 60. Kb6 Nc7 61. a7 h4 62. Ng5 Kc8 63. Kc6 Na8 64. Kd5 Kb7 65. Kxe5 1/2-1/2

[Event "39th ECC Open 2024"]
[Site "Vrnjacka Banja SRB"]
[Date "2024.10.26"]
[Round "7.1"]
[White "Vincent Keymer"]
[Black "Nodirbek Abdusattorov"]
[Result "1/2-1/2"]
[EventDate "2024.10.20"]
[WhiteElo "2721"]
[BlackElo "2783"]
[PlyCount "102"]
[WhiteTeam "Novy Bor Chess Club"]
[BlackTeam "SuperChess"]

1. g3 d5 2. Nf3 Bg4 3. Bg2 Nf6 4. h3 Bh5 5. c4 dxc4 6. Na3 Nbd7 7. Nxc4 e6 8. O-O Be7 9. Qb3 Rb8 10. d3 Nd5 11. g4 Bg6 12. Nce5 Nxe5 13. Nxe5 O-O 14. e4 Nb4 15. Be3 Nc6 16. Nxc6 bxc6 17. Qc3 c5 18. b3 f5 19. Bxc5 Bxc5 20. Qxc5 fxg4 21. hxg4 Qxd3 22. Qxa7 Rb4 23. Rad1 Qe2 24. f3 h5 25. Rde1 Qd2 26. Qc5 hxg4 27. Rd1 Qe2 28. Rde1 Qd2 29. fxg4 Rxf1+ 30. Rxf1 Rd4 31. Qf8+ Kh7 32. Qf2 Qc3 33. Qh4+ Kg8 34. Qe7 Kh7 35. Qh4+ Kg8 36. Qe7 Kh7 37. Qg5 Rd2 38. Rf2 Qa1+ 39. Kh2 Rxf2 40. Qh4+ Kg8 41. Qxf2 Bxe4 42. Bxe4 Qe5+ 43. Qg3 Qxe4 44. Qxc7 Qe2+ 45. Kh3 Qf1+ 46. Kh4 Qf2+ 47. Kh3 Qf1+ 48. Kh4 Qf2+ 49. Qg3 Qxa2 50. g5 Qd2 51. Qf3 1/2-1/2